<?xml version="1.0" encoding="UTF-8"?>
<record
    xmlns:xsi="http://www.w3.org/2001/XMLSchema-instance"
    xsi:schemaLocation="http://www.loc.gov/MARC21/slim http://www.loc.gov/standards/marcxml/schema/MARC21slim.xsd"
    xmlns="http://www.loc.gov/MARC21/slim">

  <leader>01867cam a2200289 a 4500</leader>
  <controlfield tag="001">000009069</controlfield>
  <controlfield tag="005">20200929161459.0</controlfield>
  <controlfield tag="008">970829s1996    mx            001 e spa d</controlfield>
  <datafield tag="020" ind1=" " ind2=" ">
    <subfield code="a">9681903064</subfield>
  </datafield>
  <datafield tag="040" ind1=" " ind2=" ">
    <subfield code="a">DO-SdBNP</subfield>
    <subfield code="c">TFW</subfield>
    <subfield code="d">BNPHU</subfield>
  </datafield>
  <datafield tag="082" ind1=" " ind2=" ">
    <subfield code="a">A860.44</subfield>
    <subfield code="b">V831c</subfield>
  </datafield>
  <datafield tag="245" ind1="0" ind2="0">
    <subfield code="a">Visiones cortazarianas :</subfield>
    <subfield code="b">historia, pol&#xED;tica y literatura hacia el fin del milenio /</subfield>
    <subfield code="c">Gabriel Garc&#xED;a M&#xE1;rquez...[et al] ; pr&#xF3;logo, Carlos Fuentes, cuidado de la edici&#xF3;n, Enrique Mercado, Freja I. Cervantes, Guadalupe Tolosa.</subfield>
  </datafield>
  <datafield tag="260" ind1=" " ind2=" ">
    <subfield code="a">M&#xE9;xico, D. F. :</subfield>
    <subfield code="b">Catedra lationoamericana Julio Cort&#xE1;zar ;</subfield>
    <subfield code="b">Nuevo siglo ;</subfield>
    <subfield code="b">Aguilar,</subfield>
    <subfield code="c">1996.</subfield>
  </datafield>
  <datafield tag="300" ind1=" " ind2=" ">
    <subfield code="a">148 p. ;</subfield>
    <subfield code="c">22 cm.</subfield>
  </datafield>
  <datafield tag="504" ind1=" " ind2=" ">
    <subfield code="a">Incluye referencias bibliogr&#xE1;ficas y notas al pie de las p&#xE1;ginas</subfield>
  </datafield>
  <datafield tag="504" ind1=" " ind2=" ">
    <subfield code="a">Incluye bibliograf&#xED;a (p. 78-81)</subfield>
  </datafield>
  <datafield tag="505" ind1=" " ind2=" ">
    <subfield code="a">Presentaci&#xF3;n / Ra&#xFA;l Padilla -- Pr&#xF3;logo / Carlos Fuentes -- Lecci&#xF3;n inaugural / Gabriel Garc&#xED;a M&#xE1;rquez -- Contradicciones al interior del nuevo orden mundial, una visi&#xF3;n cortazariana / C&#xE9;sar Gaviria -- Julio Cort&#xE1;zar: gran cosmoargentino / Steven Boldy -- Ambig&#xFC;edad de la identidad, fluctuaci&#xF3;n de la naci&#xF3;n, avatares de lo mexicano a trav&#xE9;s de los siglos / Jacques Lafaye -- Entre Maastrich y Sarajevo / Pierre Schori -- Soberan&#xED;a para qu&#xE9;? La evoluci&#xF3;n hist&#xF3;rica de un concepto en M&#xE9;xico / Lorenzo Meyer -- Mito, historia y ficci&#xF3;n / Tom&#xE1;s Eloy Mart&#xED;nez -- La reforma constitucional argentina de 1994 / Ra&#xFA;l Alfons&#xED;n.</subfield>
  </datafield>
  <datafield tag="600" ind1="1" ind2="4">
    <subfield code="a">CORT&#xC1;ZAR, JULIO</subfield>
    <subfield code="d">1914-1984</subfield>
    <subfield code="x">CR&#xCD;TICA E INTERPRETACI&#xD3;N</subfield>
    <subfield code="9">2944</subfield>
  </datafield>
  <datafield tag="651" ind1=" " ind2="4">
    <subfield code="a">Am&#xE9;rica Latina</subfield>
    <subfield code="x">Historia</subfield>
    <subfield code="9">1786</subfield>
  </datafield>
  <datafield tag="651" ind1=" " ind2="4">
    <subfield code="a">Argentina</subfield>
    <subfield code="x">Pol&#xED;tica Y Gobierno</subfield>
    <subfield code="9">23711</subfield>
  </datafield>
  <datafield tag="700" ind1="1" ind2=" ">
    <subfield code="a">Fuentes, Carlos,</subfield>
    <subfield code="e">pr&#xF3;l.</subfield>
    <subfield code="9">17556</subfield>
  </datafield>
  <datafield tag="700" ind1="1" ind2=" ">
    <subfield code="a">Mercado, Enrique,</subfield>
    <subfield code="e">ed.</subfield>
    <subfield code="9">23712</subfield>
  </datafield>
  <datafield tag="700" ind1="1" ind2=" ">
    <subfield code="a">Cervantes, Freja I.,</subfield>
    <subfield code="e">ed.</subfield>
    <subfield code="9">23713</subfield>
  </datafield>
  <datafield tag="700" ind1="1" ind2=" ">
    <subfield code="a">Tolosa, Guadalupe,</subfield>
    <subfield code="e">ed.</subfield>
    <subfield code="9">23714</subfield>
  </datafield>
  <datafield tag="910" ind1=" " ind2=" ">
    <subfield code="a">Catalogaci&#xF3;n por copia / LC</subfield>
  </datafield>
  <datafield tag="049" ind1=" " ind2=" ">
    <subfield code="a">BNGR</subfield>
  </datafield>
  <datafield tag="952" ind1=" " ind2=" ">
    <subfield code="0">0</subfield>
    <subfield code="1">0</subfield>
    <subfield code="5">2</subfield>
    <subfield code="7">0</subfield>
    <subfield code="8">MO</subfield>
    <subfield code="a">GR</subfield>
    <subfield code="b">GR</subfield>
    <subfield code="c">HD</subfield>
    <subfield code="d">2009-09-25</subfield>
    <subfield code="i">LF1</subfield>
    <subfield code="l">0</subfield>
    <subfield code="o">A860.44 V831c</subfield>
    <subfield code="p">9069-10</subfield>
    <subfield code="r">2020-06-25</subfield>
    <subfield code="w">2020-06-25</subfield>
    <subfield code="y">2</subfield>
    <subfield code="Z">Pr&#xE9;stamo interno</subfield>
  </datafield>
  <datafield tag="999" ind1=" " ind2=" ">
    <subfield code="c">8833</subfield>
    <subfield code="d">8833</subfield>
  </datafield>
</record>
